Life assurance II : (Record no. 101688)

MARC details
000 -LEADER
fixed length control field 00573nam a2200193 a 4500
008 - FIXED-LENGTH DATA ELEMENTS--GENERAL INFORMATION
fixed length control field
049 ## - LOCAL HOLDINGS (OCLC)
Holding library MAIN
090 ## - LOCALLY ASSIGNED LC-TYPE CALL NUMBER (OCLC); LOCAL CALL NUMBER (RLIN)
Classification number (OCLC) (R) ; Classification number, CALL (RLIN) (NR) HG8897
Local cutter number (OCLC) ; Book number/undivided call number, CALL (RLIN) INS
003 - CONTROL NUMBER IDENTIFIER
control field
005 - DATE AND TIME OF LATEST TRANSACTION
control field 20230120193600.0
040 ## - CATALOGING SOURCE
Transcribing agency NUST
110 0# - MAIN ENTRY--CORPORATE NAME
Corporate name or jurisdiction name as entry element The Insurance Institute of South Africa
245 10 - TITLE STATEMENT
Title Life assurance II :
Remainder of title subject 2500
260 ## - PUBLICATION, DISTRIBUTION, ETC.
Place of publication, distribution, etc. South Africa :
Name of publisher, distributor, etc. The Insurance Institute of South Africa,
Date of publication, distribution, etc. 1997
300 ## - PHYSICAL DESCRIPTION
Extent [Various pagination] ;
Dimensions 30 cm.
650 #1 - SUBJECT ADDED ENTRY--TOPICAL TERM
Topical term or geographic name entry element Life assurances
907 ## - LOCAL DATA ELEMENT G, LDG (RLIN)
a .b10167584
b 23-03-22
c 12-07-05
942 ## - ADDED ENTRY ELEMENTS (KOHA)
Koha item type Ordinary Loan Books
Call number prefix HG8897
Call number suffix INS
Holdings
Date last seen Total Checkouts Full call number Barcode Cost, replacement price Price effective from Koha item type Lost status Source of classification or shelving scheme Damaged status Not for loan Collection Withdrawn status Home library Current library Shelving location Date acquired Cost, normal purchase price
01/20/2023 13 HG8897 INS 92003011905 80.00 01/20/2023 BOOKS-SL   LCC     NFIC   MAIN MAIN GEN 01/20/2023 80.00